| 000 | 00842nam a22002297a 4500 | ||
|---|---|---|---|
| 999 |
_c17692 _d17692 |
||
| 003 | AR-CdUCM | ||
| 008 | 190509b ||||| |||| 00| 0 spa d | ||
| 020 | _a84-8280-811-7 | ||
| 040 |
_aMUNICIPALIDAD PROVINCIAL DEL CUSCO _cBIBLIOTECA MUNICIPAL DEL CUSCO |
||
| 082 |
_a869.84 / _bR69 |
||
| 100 |
_aRoa Bastos, Augusto _932288 |
||
| 245 | _aYo el supremo / | ||
| 260 |
_aColombia : _bOveja Negra, _c1974. |
||
| 300 |
_a446 páginas ; _c19.5 cm. |
||
| 500 | _aAntes del título "Historia de la Literatura Peruana". | ||
| 505 | _aContenido: Novela -- En el cuaderno privado -- Al margen escrito en tinta roja -- Circular perpetua -- Escrito a media noche -- La voz tutorial. | ||
| 650 |
_aNovelas paraguayas _937834 |
||
| 650 |
_aLiteratura Paraguaya _96844 |
||
| 650 |
_aSiglo XX _98 |
||
| 942 |
_2ddc _cLIBROS |
||
| 945 |
_aachl _d2019-05-09 |
||